000 00594cam a22001932 4500
001 0000013279
005 20151217155856.0
008 090727s xx 000 0 eng d
040 _aKABU
_cKABU
110 2 _aKenya, Republic of.
_@0000150051
245 1 0 _aDraft The Kenya freedom of information bill 2007.
250 _a1st ed.
260 _aNairobi :
_bGovt. Printer,
_c2007.
300 _aiii, 29 leaves.
650 0 _aMass media
_xLaw and legislation
_zKenya.
_@0000160129
852 1 _9p100 KES
908 _a090727
950 _@1
999 _c13608
_d13608